000 00804cam a2200253 a 4500
001 158157
005 20180312050140.0
008 980401s1997 enka b 001 0 eng d
010 _a 98133880
020 _a0714836192
035 _a(OCoLC)37466252
040 _aJNA
_cJNA
_dUKM
_dDLC
041 _aeng
042 _alccopycat
080 _a305.420904 liz
082 0 0 _a305.420904 liz
_221
100 1 _a25
101 _aedu
245 1 0 _aSuffragettes to she-devils :
_cLiz McQuiston ; foreword by Germaine Greer.
504 _aIncludes bibliographical references (p. 236-237) and index.
906 _a7
_bcbc
_ccopycat
_d3
_encip
_f19
_gy-gencatlg
942 _2ddc
_cBK
999 _c44684
_d44684